[Event "SRB-chT"]
[Site "Palic"]
[Date "2014.09.09"]
[Round "11.5"]
[White "Jovanovic, Bojan P"]
[Black "Vidic, Stevan"]
[Result "1/2-1/2"]
[WhiteElo "2295"]
[BlackElo "2284"]
[PlyCount "64"]
[EventDate "2014.08.30"]
[EventType "team-tourn"]
[EventRounds "11"]
[EventCountry "SRB"]
[SourceTitle "CBM 162 Extra"]
[Source "ChessBase"]
[SourceDate "2014.10.17"]
[SourceVersion "1"]
[SourceVersionDate "2014.10.17"]
[SourceQuality "1"]
[WhiteTeam "Subotica Spartak"]
[BlackTeam "Pacir Backa"]
[WhiteTeamCountry "SRB"]
[BlackTeamCountry "SRB"]

1. d4 Nf6 2. Nf3 e6 3. Bg5 d5 4. e3 Be7 5. Nbd2 0-0 6. Bd3 b6 7. h4 c5 8. Bxf6 Bxf6 9. c3 Ba6 10. Bc2 g6 11. h5 Nc6 12. hxg6 fxg6 13. Rxh7 Kxh7 14. Ng5+ Kg8 15. Nxe6 Qe8 16. Nxf8 Kxf8 17. Qf3 Qf7 18. Qg3 Kg7 19. 0-0-0 cxd4 20. exd4 Ne7 21. Re1 Re8 22. Nf3 Bc8 23. Qf4 Bf5 24. Bb3 g5 25. Nxg5 Qg6 26. Nf3 Be4 27. Nd2 Nf5 28. g4 Nh4 29. Bxd5 Bxd5 30. Rxe8 Qxe8 31. g5 Be7 32. Qxh4 Qg6 1/2-1/2

[Event "SRB-chT"]
[Site "Palic"]
[Date "2014.09.02"]
[Round "4.4"]
[White "Radlovacki, Jovan"]
[Black "Jovanovic, Bojan P"]
[Result "1-0"]
[WhiteElo "2427"]
[BlackElo "2295"]
[PlyCount "65"]
[EventDate "2014.08.30"]
[EventType "team-tourn"]
[EventRounds "11"]
[EventCountry "SRB"]
[SourceTitle "CBM 162 Extra"]
[Source "ChessBase"]
[SourceDate "2014.10.17"]
[SourceVersion "1"]
[SourceVersionDate "2014.10.17"]
[SourceQuality "1"]
[WhiteTeam "Kac Jugovic"]
[BlackTeam "Subotica Spartak"]
[WhiteTeamCountry "SRB"]
[BlackTeamCountry "SRB"]

1. e4 e6 2. d4 d5 3. Nd2 Be7 4. Ngf3 c5 5. exd5 exd5 6. dxc5 Nf6 7. Nb3 a5 8. Nbd4 0-0 9. Be3 Bxc5 10. c3 Re8 11. Be2 Qb6 12. Qb3 Bd7 13. Qxb6 Bxb6 14. Nc2 Bc7 15. h3 Nc6 16. a4 Ne4 17. 0-0 Nd6 18. Rfd1 Bf5 19. Na3 Be6 20. Nb5 Nxb5 21. axb5 Ne7 22. b6 Bd8 23. Bb5 Rf8 24. Bc5 Nc8 25. Bxf8 Kxf8 26. Nd4 Bxb6 27. Nxe6+ fxe6 28. Re1 Ke7 29. Re2 Bc7 30. Bd3 Kf6 31. Bxh7 g6 32. Bg8 Ra6 33. Rae1 1-0